[Event "Copenhagen Chess Challenge 2019"]
[Site "Ballerup"]
[Date "2019.05.19"]
[Round "9.5"]
[White "Steenstrup, Svend"]
[Black "Koch-Muller, Oscar"]
[Result "1/2-1/2"]
[WhiteElo "1936"]
[BlackElo "1919"]
[Annotator "NA RC"]
[PlyCount "128"]
[EventDate "2019.05.16"]
[EventCountry "DEN"]
[SourceTitle "playchess.com"]
[Source "ChessBase"]
[SourceQuality "1"]

1. e4 e6 2. d4 d5 3. e5 c5 4. c3 Nc6 5. Nf3 Qb6 6. Bd3 cxd4 7. cxd4 Bd7 8. O-O Nxd4 9. Nbd2 Nc6 {C02: French: Advance Variation} 10. Nb3 Nb4 (10... Nge7 11. Be3 Qd8 12. Nc5 Rb8 13. Rc1 Ng6 14. Bb5 Be7 15. Nxd7 Qxd7 16. Bxa7 Ra8 17. Be3 Rxa2 {1-0 (49) Topalov,V (2752)-Morozevich,A (2770) Astana 2012}) 11. Be3 Qd8 12. Be2 Ne7 $146 ({Predecessor:} 12... Rc8 13. Rc1 b6 14. a3 Rxc1 15. Qxc1 Nc6 16. Nbd4 Nge7 17. Qc3 {0-1 (50) Maddens,M (2225)-Paulet,I (2250) Netherlands 2016}) 13. Nc5 Nf5 14. Bg5 Qc7 15. Nxd7 Qxd7 16. g4 Ne7 17. a3 Nbc6 18. b4 Ng6 19. Bb5 Rc8 20. Rc1 a6 21. Bxc6 Rxc6 22. Qe2 Be7 23. Rxc6 Qxc6 24. Rc1 Qd7 25. Bxe7 Nxe7 26. b5 O-O 27. bxa6 Ra8 28. axb7 Qxb7 29. Qd3 Qa6 30. Qxa6 Rxa6 31. Rc3 f6 32. Kf1 Nc6 33. exf6 gxf6 34. g5 f5 35. h4 d4 36. Rb3 e5 37. h5 e4 38. Nh4 Ne7 39. Ke2 d3+ 40. Kd2 Kf7 41. f3 Ra4 42. f4 Rc4 43. Rb2 Ra4 44. Rb3 Rc4 45. Rc3 Rxc3 46. Kxc3 Nd5+ 47. Kd2 Nxf4 48. Nxf5 Ke6 49. Ng3 Kd5 50. g6 {[#]} hxg6 $2 (50... Nxg6 $1 $11 {[%mdl 512]} 51. hxg6 hxg6) 51. h6 g5 52. a4 Ng6 53. a5 Kc5 54. a6 $18 (54. Nxe4+ $142 Kb5 55. Nxg5) 54... Kb6 55. a7 Kxa7 56. Nxe4 Kb6 57. Nxg5 Kc6 58. Kxd3 Kd5 59. Ke3 Ke5 60. Nf7+ Kf6 61. Nd6 Kg5 62. Nf7+ Kf6 63. Nd8 Kg5 64. Nf7+ Kf6 1/2-1/2

[Event "Copenhagen Chess Challenge 2019"]
[Site "Ballerup"]
[Date "2019.05.19"]
[Round "9.6"]
[White "Antonsen, Mikkel"]
[Black "Jacobsen, Mikkel Manosri"]
[Result "1/2-1/2"]
[WhiteElo "2423"]
[BlackElo "2319"]
[Annotator "TA"]
[PlyCount "95"]
[EventDate "2019.05.16"]
[EventCountry "DEN"]
[SourceTitle "playchess.com"]
[Source "ChessBase"]
[SourceQuality "1"]

{[%evp 9,95,31,48,41,86,13,34,15,53,54,52,47,90,47,43,35,45,37,48,39,52,55,94,-64,43,-83,0,0,32,-42,-35,-94,-116,-182,-120,-111,-78,-295,-76,-815,-553,-1064,-1054,-1047,-993,-1660,-1626,-1608,-1550,-1445,-1342,-2285,-1891,-1560,-785,-1117,-1084,-960,-595,-577,-480,-580,0,0,0,-591,-592,-590,-572,-545,-528,-418,0,0,0,0,0,0,0,0,0,0,0,0,0,0,0,0]} 1. Nf3 d5 2. g3 g6 3. Bg2 Bg7 4. d4 Nc6 5. O-O Bg4 6. c3 {D02: 1 d4 d5 2 Nf3 sidelines, including 2...Nf6 3 g3 and 2...Nf6 3 Bf4} Qd7 7. b4 (7. Nbd2 $16) 7... a6 $146 ({Predecessor:} 7... f6 8. Nbd2 e5 9. Nb3 b6 10. a4 e4 11. Ne1 Bh3 12. f3 Bxg2 13. Nxg2 f5 14. fxe4 dxe4 {0-1 (26) Szabolcsi,J (2350)-Lupu,M (2430) Val Thorens 1991}) 8. Nbd2 {White is slightly better.} Bh3 9. Bxh3 Qxh3 10. e4 Nf6 11. e5 Ng4 12. Re1 O-O 13. Nf1 f6 14. e6 g5 15. Qe2 h6 16. b5 $2 (16. Kh1 $16) 16... Na5 (16... axb5 $15 17. Qxb5 {[%mdl 64] Double Attack} Ra7) 17. N1d2 (17. Ba3 $14 {keeps the upper hand.} Rfe8 18. N3d2) 17... f5 (17... axb5 $17 18. Qxb5 f5) 18. Ba3 $11 Bf6 19. Bb4 (19. Qf1 $1 $14 Qxf1+ 20. Rxf1) 19... axb5 $15 20. Bxa5 (20. Qxb5 $15 Nc6 21. Bc5) 20... Rxa5 $17 21. Nb3 (21. a4 $17) 21... Ra3 (21... Ra4 $1 $19 22. Qxb5 {[%mdl 64] Double Attack} Rc4) 22. Qxb5 c6 23. Qxb7 $2 {[#]} (23. Qf1 $17 {is a better defense.} Qxf1+ 24. Rxf1) 23... f4 $2 $40 {[%mdl 128] White is in trouble.} (23... Nxf2 $1 $19 {[%mdl 512] has better winning chances. White must now prevent ...f4.} 24. Re2 (24. Kxf2 $2 g4 $19) 24... Ne4) 24. Qxc6 $2 {[%mdl 8192] [#]} (24. Re2 $17) 24... Nxf2 $1 {[%mdl 576] Clearance} 25. Kxf2 g4 26. Qxd5 fxg3+ 27. Ke3 gxf3 28. hxg3 Bg5+ 29. Kd3 f2 30. Rf1 Qxg3+ 31. Kc2 Qe3 32. Qc4 Rfa8 33. Kb2 Rxb3+ 34. Kxb3 Rb8+ 35. Ka3 {next Rab1 is good for White.} Ra8+ $2 (35... Bf4 $19 36. Qc6 Kh7) 36. Kb3 $11 Rb8+ $2 {[%mdl 8192]} (36... Qd2 $11 37. Qb5 Rc8) 37. Ka3 $1 $19 {White wants to play Rab1.} Bf4 38. Qc6 {If only White now had time for Rab1....} Bd6+ 39. Ka4 {intending Rab1.} Qe2 40. Rfb1 {Rxb8+ is the strong threat.} Rxb1 $2 (40... Rf8 $19 41. a3 Kg7) 41. Qe8+ $11 {[#]The position is equal.} Kg7 $1 {[%cal Re2a6]} 42. Qf7+ Kh8 {[%csl Gb1][%cal Re2b5]} 43. Qf8+ {[#]} Kh7 $1 {[%csl Gb1][%cal Re2b5]} 44. Qf5+ Kg7 {( -> ...Qc4+)} 45. Qf7+ Kh8 {[%csl Gb1][%cal Re2b5]} 46. Qf8+ {[#]} Kh7 $1 {[%csl Gb1][%cal Re2b5]} 47. Qf7+ Kh8 {[%csl Gb1][%cal Re2b5]} 48. Qf8+ {Accuracy: White = 36%, Black = 38%.} 1/2-1/2

[Event "Copenhagen Chess Challenge 2019"]
[Site "Ballerup"]
[Date "2019.05.19"]
[Round "9.6"]
[White "Egli, Urs"]
[Black "Haubro, Sigfred"]
[Result "1/2-1/2"]
[WhiteElo "1906"]
[BlackElo "2109"]
[Annotator "NA"]
[PlyCount "61"]
[EventDate "2019.05.16"]
[EventCountry "DEN"]
[SourceTitle "playchess.com"]
[Source "ChessBase"]
[SourceQuality "1"]

1. f4 d5 2. g3 c5 3. Bg2 Nf6 4. Nf3 Bf5 5. c4 e6 6. d3 Be7 7. O-O O-O 8. Ne5 Nc6 9. cxd5 exd5 10. Nc3 d4 11. Nxc6 bxc6 12. Nb1 Nd5 13. Na3 Rc8 14. Nc4 Nb6 15. b3 Nd5 16. Bd2 Qd7 17. Qe1 Bh3 18. Qf2 Bxg2 19. Qxg2 f5 20. Rac1 Rfe8 21. Ne5 Qd6 22. h3 Bf6 23. Nc4 Qe7 24. Rfe1 Qe6 25. Qf3 Nb6 26. Kf2 h6 27. h4 Nd5 28. Rc2 Be7 29. Rcc1 Bf6 30. Rc2 Be7 31. Rcc1 1/2-1/2